000 00942nam a2200217 a 4500
001 BRCA_8698
005 20190320210353.0
008 180117s1750----sp-#######---#000-0#spa-#
041 _aspa
044 _asp
084 _aBE41
_p.F45 1750
100 1 _aFeijóo, Benito Geronimo
_d1676 - 1764
_921673
245 1 0 _aTheatro critico universal, o discursos varios en todo genero de materias, para desengaño de errores comunes.
260 _aMadrid
_bEn la Imprenta de los Herederos de Francisco del Hierro
_c1750
300 _a[42] 399 p. (t.6)
_c20.4 x 15 cm.
500 _aEn portada: Dedicado al Rmo. P.M. Fr. Bernardo Martin, General de la Congregación de San Benito de España, Inglaterra, &c.
500 _aEstado físico: presenta encuadernación en pergamino con lomo despejado, algunas hojas manchadas, carece de cintas y contiene anotaciones en su interior
650 1 4 _aDrama español
_921674
902 _aCFM
942 _2lcc
_cB
999 _c8351
_d8351